Estrategia de mercadotecnia para la introducción del calzado fabricado por ECONICSA en la región del pacífico de Nicaragua
Presenta estrategias de mercadotecnia para la introducción del calzado fabricado por ECCONICDA en la región del pacífico de Nicaragua, la cual ha permitido diseñar una alternativa de solución para incursionar en el mercado nicaragüense de manera satisfactoria. Describe un enfoque de mercado, a...
| Main Authors: | , , |
|---|---|
| Other Authors: | |
| Format: | Tesis Section = Libro |
| Language: | Undetermined Spanish |
| Published: |
Managua
UNI
2004
|
| Subjects: |
| LEADER | 01550nam a2200289Ia 4500 | ||
|---|---|---|---|
| 008 | 240830s9999 xx 000 0 und d | ||
| 040 | |a BIBLIOTECA-RUPAP Mon 658.8 A367 | ||
| 041 | |a spa | ||
| 082 | |a Mon 658.8 A367 | ||
| 100 | 1 | |a Alemán Méndez, Arlen Jazmina | |
| 100 | 1 | |b López Vásquez, Rebeca Antonia | |
| 100 | 1 | |c Martínez Cano, Mirian Libet | |
| 245 | 1 | 0 | |a Estrategia de mercadotecnia para la introducción del calzado fabricado por ECONICSA en la región del pacífico de Nicaragua |
| 260 | |a Managua |b UNI |c 2004 | ||
| 300 | |a 238 p. :il. | ||
| 500 | |a Contiene: anexos. | ||
| 502 | |a Tesis (Ingeniero de Sistemas)- UNI, 2004. | ||
| 520 | 3 | |a Presenta estrategias de mercadotecnia para la introducción del calzado fabricado por ECCONICDA en la región del pacífico de Nicaragua, la cual ha permitido diseñar una alternativa de solución para incursionar en el mercado nicaragüense de manera satisfactoria. Describe un enfoque de mercado, análisis FODA, desarrollo de las estrategias de mercadotecnia, programa de acción, presupuesto y sistema automatizado. | |
| 650 | 7 | |a ADMINISTRACIÓN DE LA DISTRIBUCIÓN (MERCADO) - ECCONICSA | |
| 650 | 7 | |b ESTUDIO DE MERCADO - CANALES DE DISTRIBUCIÓN - CALZADO | |
| 650 | 7 | |c ESTRUCTURA ORGANIZATIVA - ECCONICSA - ANÁLISIS FODA | |
| 650 | 7 | |d ESTUDIO DE OFERTA Y DEMANDA - SISTEMA DE INFORMACIÓN AUTOMATIZADA | |
| 650 | 7 | |e ESTRATEGIA DE MERCADOTECNIA - PUBLICIDAD | |
| 700 | 1 | |a Tutor: |b Caldera Alfaro, Mario José | |
| 942 | |c BK |2 ddc | ||
| 991 | |a TESIS | ||
| 999 | |c 17612 | ||